000 00345nam a2200133Ia 4500
008 220216s9999 xx 000 0 und d
100 _aJoseph Toms
245 0 _aNatural rubber sector: Recent trends and issues
260 _bPlanters Chronicle
_c2009
300 _a33-39
650 _aNatural rubber
650 _aWorld NR sector
942 _cJS
999 _c63633
_d63633